Представление документа в формате RUSMARC

ПолеНазваниеЗначение
  Тип записи a
  Библиографический уровень m
001 Контрольный номер admiBOOK00020088
005 Дата корректировки 20140508173758.5
010 Индекс ISBN __
a ISBN 978-5-9558-0158-2; 978-5-16-004107-0
d Цена 179,85
100 Данные общей обработки __
a Данные общей обработки 19020212 |||y0 y0189 ca
101 Язык документа __
a Язык текста rus
105 Кодированные данные (монография) __
a Кодированные данные (монография) zy
200 Заглавие и сведения об ответственности 0_
a Заглавие Управление рисками предприятия
e Сведения, относящиеся к заглавию Учебное пособие
205 Сведения об издании __
b Дополнительные сведения об издании Доп. Советом УМО
210 Выходные данные __
a Место издания М
c Издательство Вузовский учебник: ИНФРА-М
d Дата издания 2012
215 Физическое описание __
a Объем 168с.
606 Тематические рубрики __
a Основная рубрика Финансы
x Основная подрубрика Риски
x Основная подрубрика Управление рисками предприятия
610 Ключевые слова __
a Ключевые слова Управление рисками предприятия
a Ключевые слова Управление предприятия
a Ключевые слова Риски предприятия
a Ключевые слова Риск
a Ключевые слова Риски
675 Индекс УДК __
a Индекс УДК 65.0(075.8)
686 Индексы других классификаций __
a Классификационный индекс 65.262.1
700 Автор __
a Фамилия Уродовских
b Имя В.Н.
852 Данные о местонахождении __
c Местонахождение стеллажа 65.262.1
j Шифр хранения 65.26
852 Данные о местонахождении __
b Сигла хранения ЧЗ_1
t Номер экземпляра 10
i Авторский знак У71
p Инвентарный номер 149277
p Инвентарный номер 149278
p Инвентарный номер 149279
p Инвентарный номер 149280
p Инвентарный номер 149281
p Инвентарный номер 149283
p Инвентарный номер 149284
p Инвентарный номер 149285
p Инвентарный номер 149286
901 Тип документа __
t Тип документа m
911 __
u 952a=Учебник
u 952p=2301
938 Служебная информация __
a Название организации Саранский филиал
b Имя БД OUTPUT.MRC_Саранск
c Название АИБС АИБС Библиотека